Les 20 préfectures les plus proches de Nancy - Statistiques

Statistiques générales
  • Ce quiz a été pris 351 fois
  • Le résultat moyen est 12 sur 20
Statistiques - réponses
distance (en km) ville préfecture % Correct
47 Metz
98%
116 Strasbourg
97%
63 Epinal
83%
175 Dijon
82%
111 Colmar
78%
75 Bar le Duc
75%
161.7 Troyes
75%
128 Belfort
67%
162.48 Besançon
66%
160 Charleville-Mézières
63%
137 Chalons en Champagne
60%
218 Auxerre
59%
101 Chaumont
54%
120 Vesoul
49%
210 Laon
43%
230 Lons le Saunier
43%
260 Melun
42%
275.09 Bobigny
34%
274 Créteil
34%
275.43 Evry Courcouronnes
31%
Aucun quiz correspondant
Distribution des résultats
% des personnes avec chaque résultat
Percentile par nombre de réponses
Votre historique - résultats
Vous n’avez pas pris ce quiz